000 00991nam a22003137a 4500
003 CHAP
005 20220817042200.0
008 971013s r 00010 d
010 _a36996
011 _a37968
035 _a42088
040 _cCHAP
082 _a633.18
_bF36e
110 _aFAO
245 _aEquipo para la producción de arroz
260 _aRoma :
_bFAO,
_c193 p. : ilus.
300 _a1966
490 _aFAO. Cuadernos de fomento agropecuario
_v; 84
590 _aBATCH-UPD
_b10
_c20130110
_lUCH01
_h1555
590 _aCONVERSION
_b10
_c20130109
_lUCH01
_h1321
650 1 4 _aArroz
_xImplementos y maquinaria.
_97620
700 0 _aStout, B. A.
_9109924
830 0 _aFAO. Cuadernos de fomento agropecuario
_v; 84
_939507
901 _aBK
942 _cLIBRO
949 _a633.18 F36e
_bBC
_cFAO
_d-96703
_eFAO1
_h45997
_i42088
_si
949 _a633.18 F36e
_bBC
_cFAO
_d-96704
_eFAO2
_fc.2
_h22292
_i42088
_si
949 _a633.18 F36e
_bBC
_cFAO
_d-96705
_eFAO2
_fc.3
_h14778
_i42088
_si
999 _c36996
_d36996